LEADER 02461nam0 2200421 i 450 001 BVEE019501 005 20170908093208.0 012 $ao-o- stu, a-ue esmo (3) 1558 (A)$2fei 012 $ao-o- stu, a-ue esmo (3) 1558 (Q)$2fei$9Var.B 100 $a20121004d1558 ||||0itac50 ba 101 | $alat 102 $afr 181 1$6z01$ai $bxxxe 182 1$6z01$an 200 1 $aCosmographia Francisci Maurolyci Messanensis Siculi, in tres dialogos distincta: in quibus de forma, situ, numeroque tam coelorum quàm elementorum, aliísque rebus ad astronomica rudimenta spectantibus satis disseritur. ... 210 $aParisijs$capud Gulielmum Cauellat, in pingui gallina ex aduerso Collegij Cameracensis$d1558 215 $a[8], 168 c.$cill.$d8º 300 $aMarca sul front 300 $aCors. ; gr. ; rom 300 $aSegn.: ã⁸a-x⁸ 300 $aVar. B: senza data sul front. 316 $a1 v. - Mutilo di 2 c. - Timbro Biblioteca Capuccinorum Conceptionis Neapolis$5IT-NA0079, SALA FARN.33. B 69 620 $dParigi$3TO0L002626 700 1$aMaurolico$b, Francesco$f <1494-1575>$3SBLV057520$4070$0743788 712 02$aCavellat, Guillaume$3BVEV017397$4650 790 1$aMaruli$b, Francesco$f $3BVEV127765$zMaurolico, Francesco <1494-1575> 790 1$aMaurolyco$b, Francesco$3MILV295018$zMaurolico, Francesco <1494-1575> 790 1$aMaruli$b, Francesco$3MILV295019$zMaurolico, Francesco <1494-1575> 791 02$a˜in œpingui gallina, ex adverso collegij Cameracensis$3BVEV041293$zCavellat, Guillaume 791 02$aCavellat, Guilielmus$3CFIV287765$zCavellat, Guillaume 801 3$aIT$bIT-NA0079$c20121004 850 $aIT-NA0079 912 $aBVEE019501 921 $aSBNM000001$bMarca non controllata$cS2$dSul front. 950 0$aBiblioteca Nazionale Vittorio Emanuele III$c1 v.$d BNSALA FARN.33. B 69$e BNA010014613885 M 1 v. - Mutilo di 2 c. - Timbro Biblioteca Capuccinorum Conceptionis Neapolis$fC $h20121004$i20121004$l Mutilo di 2 c.$mImperfezioni$lTimbro Biblioteca Capuccinorum Conceptionis Neapolis$mTimbri storici della biblioteca proprietaria 977 $a BN 996 $aCosmographia Francisci Maurolyci Messanensis Siculi, in tres dialogos distincta: in quibus de forma, situ, numeroque tam coelorum quàm elementorum, aliísque rebus ad astronomica rudimenta spectantibus satis disseritur. ..$91480282 997 $aUNISANNIO